Statistics for Martin Scorsese Filmography

Click here to take the quiz!

General Stats

  • This quiz has been taken 315 times
    (13 since last reset)
  • The average score is 78 of 247

Answer Stats

TypeYearName% Correct
Film Cameo2002Gangs of New York
100%
TV Show ProductionTBAGangs of New York
100%
TV Show DirectorTBAGangs of New York
100%
Film Director2002Gangs of New York
100%
Film Director1990GoodFellas
100%
Film Production2023Killers of the Flower Moon
100%
Film Director2023Killers of the Flower Moon
100%
Film Screenplay2023Killers of the Flower Moon
100%
Film Cameo2023Killers of the Flower Moon
100%
Film Cameo1973Mean Streets
100%
Film Screenplay1973Mean Streets
100%
Film Director1973Mean Streets
100%
Film Production1973Mean Streets
100%
Film Cameo1976Taxi Driver
100%
Film Director1976Taxi Driver
100%
Film Cameo2004The Aviator
100%
Film Director2004The Aviator
100%
Film Director2006The Departed
100%
Film Production2019The Irishman
100%
Film Director2019The Irishman
100%
Film Cameo2013The Wolf of Wall Street
100%
Film Director2013The Wolf of Wall Street
100%
Film Director1991Cape Fear
89%
Film Director1995Casino
89%
Film Director2011Hugo
89%
Film Production2011Hugo
89%
Film Cameo2011Hugo
89%
Film Production2010Shutter Island
89%
Film Director2010Shutter Island
89%
Film Director1985After Hours
78%
Film Cameo1985After Hours
78%
Film Cameo1980Raging Bull
78%
Film Director1980Raging Bull
78%
Film Screenplay2016Silence
78%
Film Production2016Silence
78%
Film Director2016Silence
78%
Film Director1982The King of Comedy
78%
Film Cameo1982The King of Comedy
78%
Film Director1988The Last Temptation of Christ
78%
Film Cameo1988The Last Temptation of Christ
78%
Film Director1997Kundun
67%
Film Director1977New York, New York
67%
Film Cameo1974Alice Doesn't Live Here Anymore
56%
Film Director1974Alice Doesn't Live Here Anymore
56%
Film Director1993The Age of Innocence
56%
Film Cameo1993The Age of Innocence
56%
Music Video1987Bad
44%
Film Cameo1972Boxcar Bertha
44%
Film Director1972Boxcar Bertha
44%
Film Director1999Bringing Out the Dead
44%
Film Cameo1999Bringing Out the Dead
44%
Documentary Director2011George Harrison: Living in the Material World
44%
Documentary Production2011George Harrison: Living in the Material World
44%
Film Acting Role2004Shark Tale
44%
Documentary Appearance2008Shine a Light
44%
Documentary Director2008Shine a Light
44%
Film Director1986The Color of Money
44%
Film Cameo1986The Color of Money
44%
Film Director1967Who's That Knocking at My Door
44%
Film Cameo1967Who's That Knocking at My Door
44%
Film Screenplay1967Who's That Knocking at My Door
44%
Documentary Appearance1995A Personal Journey with Martin Scorsese Through American Movies
33%
Documentary Director1995A Personal Journey with Martin Scorsese Through American Movies
33%
Documentary Production1995A Personal Journey with Martin Scorsese Through American Movies
33%
Documentary Writer1995A Personal Journey with Martin Scorsese Through American Movies
33%
Commercial2010Bleu de Chanel
33%
Film Acting Role1990Dreams
33%
Documentary Appearance1998In Search of Kundun with Martin Scorsese
33%
Film Director1989New York Stories
33%
Film Cameo1989New York Stories
33%
Documentary Appearance2005No Direction Home: Bob Dylan
33%
Documentary Production2005No Direction Home: Bob Dylan
33%
Documentary Director2005No Direction Home: Bob Dylan
33%
Short Film Editor1966The Big Shave
33%
Short Film Screenplay1966The Big Shave
33%
Short Film Director1966The Big Shave
33%
Documentary Appearance1978The Last Waltz
33%
Documentary Director1978The Last Waltz
33%
Documentary Production2010A Letter to Elia
22%
Documentary Writer2010A Letter to Elia
22%
Documentary Director2010A Letter to Elia
22%
TV Show Director1986Amazing Stories
22%
Documentary Director1978American Boy: A Profile of Steven Prince
22%
Web SpecialTBAAn Afternoon with SCTV
22%
Film Cameo1983Anna Pavlova
22%
Documentary Appearance2012Bad 25
22%
Commercial2008Be Sensible
22%
TV Show Production2010-2014Boardwalk Empire
22%
TV Show Director2010Boardwalk Empire
22%
Film Cameo2015Campus Code
22%
Film Cameo1976Cannonball
22%
Documentary Appearance2003Charlie: The Life and Art of Charles Chaplin
22%
Commercial2020Coca-Cola Energy
22%
TV Show Cameo2005Curb Your Enthusiasm
22%
TV Show Cameo2008Entourage
22%
Commercial1986Giorgio Armani / Emporio Armani
22%
Film Cameo1991Guilty by Suspicion
22%
Commercial1968Icelandic Airlines
22%
Film Cameo1980In the Pope's Eye
22%
Documentary Director1974Italianamerican
22%
Documentary Appearance1974Italianamerican
22%
Short Film Director1964It's Not Just You, Murray!
22%
Short Film Director1964It's Not Just You, Murray!
22%
Documentary Production2004Lady by the Sea: The Statue of Liberty
22%
Documentary Director2004Lady by the Sea: The Statue of Liberty
22%
Documentary Production2014Life Itself
22%
Short Film Director1990Made in Milan
22%
Film Production2023Maestro
22%
Documentary Director1973Martin Scorsese: Back on the Block
22%
Documentary Appearance1973Martin Scorsese: Back on the Block
22%
Commercial2004My Life. My Card.
22%
Documentary Appearance1999My Voyage to Italy
22%
Documentary Director1999My Voyage to Italy
22%
Documentary Writer1999My Voyage to Italy
22%
Film Editor1966New York City... Melting Point
22%
Documentary Writer1966New York City... Melting Point
22%
Documentary Director1966New York City... Melting Point
22%
Commercial2012NY Taxi
22%
Commercial2003One Hour Photo
22%
Documentary Director2022Personality Crisis: One Night Only
22%
Documentary Mini-Series2021Pretend It's a City
22%
Documentary Production2010Public Speaking
22%
Documentary Director2010Public Speaking
22%
Film Cameo1994Quiz Show
22%
Commercial1968Revlon
22%
Documentary Director2019Rolling Thunder Revue: A Bob Dylan Story by Martin Scorsese
22%
Film Cameo1986Round Midnight
22%
Commercial2002Scorsese
22%
Film Cameo1995Search and Destroy
22%
Film Production1995Search and Destroy
22%
Music Video1987Somewhere Down the Crazy River
22%
Commercial2024Squarespace
22%
Commercial2013Street of Dreams
22%
Documentary Director1970Street Scenes
22%
Documentary Appearance1970Street Scenes
22%
Documentary Production2014The 50 Year Argument
22%
Documentary Director2014The 50 Year Argument
22%
Commercial2015The Audition
22%
Documentary Director2001The Concert for New York City
22%
Film Cameo1990The Grifters
22%
Film Production1990The Grifters
22%
Commercial2007The Key to Reserva
22%
Documentary Series Appearance2022The Last Movie Stars
22%
Commercial2007The Members Project
22%
Film Cameo1999The Muse
22%
Short Film Acting Role2023The Muse
22%
Film Cameo1992The Player
22%
Commercial1998U.S. Satellite Broadcasting
22%
Documentary Appearance2007Val Lewton: The Man in the Shadows
22%
Documentary Production2007Val Lewton: The Man in the Shadows
22%
Short Film Director1959Vesuvius VI
22%
Short Film Production1959Vesuvius VI
22%
Cinematography1959Vesuvius VI
22%
TV Show Director2016Vinyl
22%
TV Show Production2016Vinyl
22%
TV Show Writer2016Vinyl
22%
Short Film Production1963What's a Nice Girl Like You Doing in a Place Like This?
22%
Short Film Director1963What's a Nice Girl Like You Doing in a Place Like This?
22%
Film Cameo1998With Friends Like These...
22%
Film Production2017Abundant Acreage Available
11%
Film Production2017A Ciambra
11%
Documentary Production2016Before the Flood
11%
Film Production2016Bleed for This
11%
Film Production2004Brides
11%
Film Presenter2005Brooklyn Lobster
11%
Film Production1995Clockers
11%
Film Production2018Diane
11%
Film Production2024Escape
11%
Film Production2004Frankenstein
11%
Film Production2016Free Fire
11%
Film Production2013Glickman
11%
Film Presenter2008Gomorrah
11%
Film Production1996Grace of My Heart
11%
Film Production2018Happy as Lazzaro
11%
Photographer1963Inesita
11%
Film Production2024In the Hand of Dante
11%
Film Production1970Item 72-D: The Adventures of Spa and Fon
11%
Film Production1997Kicked in the Head
11%
Documentary Production2004Lightning in a Bottle
11%
Documentary Production2017Long Strange Trip
11%
Film Presenter2000Love's Labour's Lost
11%
Film Production2008Lymelife
11%
Film Production1993Mad Dog and Glory
11%
Short Film Acting Role2012Martin Scorsese Eats a Cookie
11%
Commercial2020-2021MasterClass
11%
Film Production2021Murina
11%
Film Production1993Naked in New York
11%
Documentary Production1995Nothing but the Blues
11%
Film Production2013Peter Gabriel: Live in Athens 1987
11%
Film Production2023Pet Shop Days
11%
Documentary Production2008Picasso and Braque Go to the Movies
11%
Film Production2020Pieces of a Woman
11%
Film Production2019Port Authority
11%
Documentary Production1990PoV
11%
Film Production2001Rain
11%
Film Production2014Revenge of the Green Dragon
11%
Film ProductionTBARoosevelt
11%
Film DirectorTBARoosevelt
11%
Film Presenter1995Rough Magic
11%
Film Production2020Shirley
11%
Documentary Production2004Something to Believe In
11%
Documentary Production2011Surviving Progress
11%
Film Production2021The Card Counter
11%
Film Production2017The Current War
11%
Film Production2022The Eternal Daughter
11%
Film Production2013The Family
11%
Film Production1998The Hi-Lo Country
11%
Documentary Mini-Series2022Theodore Roosevelt
11%
Film Production2017The Snowman
11%
Documentary Production2003The Soul of a Man
11%
Film Production2019The Souvenir
11%
Film Production2021The Souvenir: Part II
11%
Film Production2014The Third Side of the River
11%
Film Production2015The Wannabe
11%
Film Production2009The Young Victoria
11%
Documentary Production2015Tomorrow
11%
Film Production2018Tomorrow
11%
Film Production2019Uncut Gems
11%
Film Editor1972Unholy Rollers
11%
Documentary Production1971We Have Come for Your Daughters
11%
Documentary Editor1971We Have Come for Your Daughters
11%
Film Production1994With Closed Eyes
11%
Documentary Editor1970Woodstock
11%
Assistant Director1970Woodstock
11%
Film Production2000You Can Count on Me
11%
Documentary Mini-Series2023100 Years of Warner Bros.
0%
Film ProductionTBAAnother Turn of the Screw
0%
Film Production2024Au fil des saisons
0%
Film ProductionTBABastard
0%
Film Screenplay1969Bezeten, Het Gat in de Muur
0%
Documentary Production2021Building a Bridge
0%
Documentary Appearance2011Corman's World: Exploits of a Hollywood Rebel
0%
Film ProductionTBADie, My Love
0%
Documentary Production2022Dreaming Walls: Inside the Chelsea Hotel
0%
Film ProductionTBAEl aroma del pasto recién cortado
0%
Film Production2021Evolution
0%
Film ProductionTBAFascinating Rhythm
0%
Film ProductionTBAMade in England
0%
Documentary Appearance2016Mifune: The Last Samurai
0%
Commercial2018Rolex Celebrates the Art of Storytelling
0%
Commercial2020Show Up
0%
Film Production2023The Absence of Eden
0%
Stage Director1977-1978The Act
0%
TV Mini-SeriesTBAThe Devil in the White City
0%
Film DirectorTBAThe Wager: A Tale of Shipwreck, Mutiny, and Murder
0%
Film ProductionTBAThe Wager: A Tale of Shipwreck, Mutiny, and Murder
0%
TV Mini-SeriesTBATyson
0%

Score Distribution

Percentile by Number Answered

Percent of People with Each Score

Your Score History

You have not taken this quiz since the last reset